|
|
|
|
| LEADER |
01408nam a2200421Ia 4500 |
| 001 |
EBC819109 |
| 003 |
MiAaPQ |
| 005 |
20200520144314.0 |
| 006 |
m o d | |
| 007 |
cr cn||||||||| |
| 008 |
090618s2012 inua s 001 0 eng d |
| 020 |
|
|
|z 9780470945018
|
| 020 |
|
|
|z 9781118203798
|
| 035 |
|
|
|a (MiAaPQ)EBC819109
|
| 035 |
|
|
|a (Au-PeEL)EBL819109
|
| 035 |
|
|
|a (CaPaEBR)ebr10503026
|
| 035 |
|
|
|a (CaONFJC)MIL329888
|
| 035 |
|
|
|a (OCoLC)815648237
|
| 040 |
|
|
|a MiAaPQ
|c MiAaPQ
|d MiAaPQ
|
| 050 |
|
4 |
|a HF5415.1265
|b .J37 2012
|
| 082 |
0 |
4 |
|a 658.8/72
|2 22
|
| 100 |
1 |
|
|a Jarboe, Greg,
|d 1949-
|
| 245 |
1 |
0 |
|a YouTube and video marketing
|h [electronic resource] :
|b an hour a day /
|c Greg Jarboe.
|
| 250 |
|
|
|a 2nd ed.
|
| 260 |
|
|
|a Indianapolis, IN :
|b Wiley Pub.,
|c c2012.
|
| 300 |
|
|
|a xxx, 474 p. :
|b ill.
|
| 490 |
1 |
|
|a Serious skills
|
| 500 |
|
|
|a Includes index.
|
| 533 |
|
|
|a Electronic reproduction. Ann Arbor, MI : ProQuest, 2015. Available via World Wide Web. Access may be limited to ProQuest affiliated libraries.
|
| 630 |
0 |
0 |
|a YouTube (Electronic resource)
|
| 650 |
|
0 |
|a Internet marketing.
|
| 650 |
|
0 |
|a Internet advertising.
|
| 650 |
|
0 |
|a Internet videos.
|
| 650 |
|
0 |
|a Webcasting.
|
| 655 |
|
4 |
|a Electronic books.
|
| 710 |
2 |
|
|a ProQuest (Firm)
|
| 830 |
|
0 |
|a Serious skills.
|
| 856 |
4 |
0 |
|u https://ebookcentral.proquest.com/lib/matrademy/detail.action?docID=819109
|z Click to View
|